000 00546nas a2200193Ia 4500
001 206/R29
003 IT-RoPAU
008 151202c99999999xx |||||||||||| ||und||
040 _aIT-RoPAU
040 _cIT-RoPAU
100 _aAA.VV.
210 _aTESORI ARTE CRISTIANA
222 _aTESORI ARTE CRISTIANA
245 _aTESORI ARTE CRISTIANA
501 _bPaulus - SPICS - Società San Paolo EM (non-commercial uses only)
_cCopyright 2015
500 _avarie rivistine
650 _aARTE CRISTIANA
_vPUBBLICAZIONE PERIODICA
942 _cCR
999 _c205503
_d205503